Statistieken voor Alle Intercity-stations van Nederland op een kaart

Klik hier om de quiz te nemen!

Algemene statistieken

  • Deze quiz is 2.509 keer genomen
  • De gemiddelde score is 40 van 54

Antwoorden op de kaart

Antwoorden kleurgecodeerd door een groen-rode schaal op de quizkaart volgens % correct hieronder.
Laden...
 

Antwoordstatistieken

Station% Correct
Amsterdam Sloterdijk
99%
Amsterdam Centraal
99%
Amsterdam Zuid
99%
Groningen
98%
Rotterdam Alexander
98%
Rotterdam Centraal
98%
Den Haag Laan van NOI
97%
Utrecht Centraal
97%
Den Haag Centraal
97%
Den Haag HS
97%
Maastricht
96%
Leeuwarden
91%
Lelystad
91%
Eindhoven
91%
Almere Centrum
89%
Zwolle
88%
's Hertogenbosch
88%
Assen
87%
Breda
87%
Tilburg
86%
Nijmegen
85%
Venlo
85%
Alkmaar
85%
Arnhem
85%
Enschede
83%
Haarlem
82%
Leiden
77%
Apeldoorn
75%
Amersfoort
74%
Amersfoort Schothorst
74%
Almelo
73%
Roosendaal
71%
Heerenveen
71%
Hengelo
68%
Hilversum
67%
Delft
66%
Dordrecht
65%
Roermond
65%
Gouda
63%
Deventer
63%
Heerlen
62%
Sittard
62%
Ede-Wageningen
60%
Oss
55%
Schiphol
55%
Weert
48%
Helmond
47%
Zutphen
46%
Driebergen-Zeist
45%
Schiedam Centrum
41%
Veenendaal-De Klomp
39%
Etten-Leur
34%
Dieren
31%
Duivendrecht
26%

Scoreverdeling

Percentiel versus Aantal Correcte Antwoorden

Procent van Mensen met Elke Score

Uw Scoregeschiedenis

U heeft deze quiz nog niet genomen